| 000 | 00805nam a22002537a 4500 | ||
|---|---|---|---|
| 999 |
_c7820 _d7820 |
||
| 003 | AR-CdUCM | ||
| 008 | 190321b ||||| |||| 00| 0 spa d | ||
| 040 |
_aMUNICIPALIDAD PROVINCIAL DEL CUSCO _cBIBLIOTECA MUNICIPAL DEL CUSCO |
||
| 082 |
_a617.98 / _bD99 |
||
| 100 |
_aD´allaines, Claude _922108 |
||
| 245 | _aHistoria de la Cirugia / | ||
| 260 |
_aBarcelona : _bOikos-tau, _c1971. |
||
| 300 |
_a127 paginas ; _c17 cm. |
||
| 440 |
_a¿ que se ? _n26 _922109 |
||
| 500 | _aHistoire de la Chirurgie - titulo original | ||
| 505 | _aContenido: Cirugia antigua -- revolucion quirurgica -- cirugia moderna | ||
| 650 |
_aCirugia _918641 |
||
| 650 |
_aRevolución _9844 |
||
| 650 |
_aQuirurgica _922110 |
||
| 650 |
_aFuturo _922111 |
||
| 700 |
_aCid, Felip _919933 |
||
| 942 |
_2ddc _cLIBROS |
||
| 945 | _apjha | ||